000 00708nam a22002177a 4500
005 20170824141830.0
010 _a1516EN07
020 _a9781408864180
_c450.00
035 _aB-667772
037 _adpl
_bKKP/Ven
082 _a823.92
100 _aWood, Lucy
245 _aWeathering/
_cby Lucy Wood
260 _aLondon
_bBloombury Pub
_c2015
270 _a50 Bedford Squre
_bLondon
_eWC1B 3DP
300 _a290p.
_c21cm(pbk)
700 _dLedwidge, Michael
942 _2ddc
_cEN
_h823.92
_mWOO
999 _c96173
_d96173